| 000 | 00664nam a2200253 a 4500 | ||
|---|---|---|---|
| 005 | 20210219153052.0 | ||
| 008 | 991125n 000 0 u | ||
| 035 | _aUPN01000075752 | ||
| 100 | _aYIRMIYA, Nurit | ||
| 222 | _aCHILD DEVELOPMENT | ||
| 245 | _aEmpathy and cognition in high-functioning children with autism | ||
| 300 | _a150-160 | ||
| 362 | _a1992 63, no. 1(feb.) | ||
| 653 | 0 | _aADOLESCENTES | |
| 653 | 0 | _aAUTISMO | |
| 653 | 0 | _aCONSERVACION | |
| 653 | 0 | _aEMPATIA | |
| 653 | 0 | _aHABILIDAD COGNITIVA | |
| 653 | 0 | _aPREADOLESCENTES | |
| 700 | _aSigman, Marian D. | ||
| 700 | _aKasari, Connie | ||
| 904 |
_aAC _b013563 |
||
| 905 | _aArticulo | ||
| 999 |
_c67655 _d67655 |
||